000 00290nam a22001337a 4500
008 181009b xxu||||| |||| 00| 0 eng d
020 _a9780321838698
041 _aeng
080 _a331
100 _a55
101 _aSTA
245 _aBusiness Statistics
_cSharpe,N.R
942 _2udc
_cBK
999 _c49148
_d49148